Nové výsledky výskumu geotermálnej energie na Slovensku

Bibliographic Details
Main Author: Rešík, Anton (Author)
Other Authors: Hanas, Peter (Photographer)
Format: Article
Language:Slovak
PhysicalDescription:Obr.
ISSN:1335-1877
Subjects:

MARC

LEADER 00000nab a2200000 a 4500
001 vtls010258503
003 SK-MaSNL
005 20260426085701.0
008 25050715c2008 xo o |||||||||||||||slol
015 |a SNBRB2009/06 
035 |a SVKKK000096134 
035 |a urn:nbn:sk:snk-ab6jb9 
035 |a (uuid)12d24227-fbc9-4d18-969c-eb12c2c9a093 
035 |a (urnnbn)urn:nbn:sk:snk:ar-004ikr 
035 |a (sysno)vtls010258503 
038 |a SVKKK 
040 |a SNKBUCL  |b slo  |c SNKBUCL  |e AACR2 
041 0 |a slo 
044 |a xo  |c SK 
080 |a 550.836  |x (437.6)  |2 1997 
080 |a 621.482  |x (437.6)  |2 1997 
100 1 |a Rešík, Anton  |4 aut  |9 1483804 
245 1 0 |a Nové výsledky výskumu geotermálnej energie na Slovensku  |c Anton Remšík ; Peter Hanas 
300 |b Obr. 
650 0 7 |a geotermálna energia  |2 SNKPH  |9 3507 
650 0 7 |a termálne pramene  |2 SNKPH  |9 55696 
650 0 7 |a výskum  |2 SNKPH  |9 4238 
651 7 |a Slovensko  |2 SNKPHgeo  |9 14231 
700 1 |a Hanas, Peter  |4 pht  |9 813865 
773 0 |t Enviromagazín  |g Roč. 13, č. 6 (2008), s. 8  |x 1335-1877 
850 |a Slovenská národná knižnica 
852 |a Slovenská národná knižnica 
954 |a odborná, vedecká literatúra pôvodná (slovenská)  |2 lita 
958 |a article27 
958 |a OND 
958 |a EUIPO 
999 |c 2968790  |d 2970720